Представление документа в формате RUSMARC

ПолеНазваниеЗначение
  Тип записи a
  Библиографический уровень m
001 Контрольный номер RU/SLIB/B/208756586
005 Дата корректировки 20201206204155.6
010 Индекс ISBN __
d Цена 36500-00
101 Язык документа __
a Язык текста eng
200 Заглавие и сведения об ответственности __
a Заглавие The Hermitage
e Сведения, относящиеся к заглавию альбом
b Общее обозначение материала Текст
210 Выходные данные __
a Место издания СПб.
c Издательство Аврора
d Дата издания 1993
215 Физическое описание __
a Объем 14 с., 231 л. карт.
517 Другие варианты заглавия __
a Другие варианты заглавия Эрмитаж. Западноевропейская живопись XIII-XVIII
601 Наименование организации как предмет __
a Наименование организации как предмет Эрмитаж
606 Тематические рубрики __
a Основная рубрика Изобразительное искусство и архитектура
606 Тематические рубрики __
a Основная рубрика История живописи
610 Ключевые слова __
a Ключевые слова западноевропейская живопись; рисунки;картины; произведения искусства; история живописи; музеи; музейные коллекции
686 Индексы других классификаций __
a Классификационный индекс 85.143(4)л6
801 Источник записи _0
a Страна RU
b Организация Муниципальное бюджетное учреждение культуры "Централизованная библиотечная система" г. Сургут (Центральная городская библиотека им. А. С. Пушкина)
g Правила каталогизации КиК/Нещерет
801 Источник записи _1
a Страна RU
b Организация Муниципальное бюджетное учреждение культуры "Централизованная библиотечная система" г. Сургут (Центральная городская библиотека им. А. С. Пушкина)
g Правила каталогизации КиК/Нещерет
852 Данные о местонахождении __
j Шифр хранения 85.143(4)л6
c Каталожный индекс 85.143(3)л6
i Авторский знак H 57
p Инвентарный номер 51825
901 Тип документа __
t Тип документа m
969 Тип издания __
a Тип издания альбом
990 Данные о заказе (DOS) __
j Количество экземпляров (DOS) 3